000 00649nam a2200217Ii 4500
003 JO-AjNU
008 230606s9999||||xx |||||||||||||| ||und||
020 _a978-0-00-810174-9
040 _aJO-AjNU
_beng
_erda
_cJO-AjNU
041 _aeng
050 1 4 _aPE1128.2015
100 3 _aCollins,
_eauthor
_96396
245 0 0 _a easy learning English Conversation 1: How are you? I,m Fine, thanks.
250 _a2 ed
264 3 1 _aIreland: Harpercollins, 2015
300 _a255p
336 _atext
_btxt
_2rdacontent
337 _aunmediated
_bn
_2rdamedia
338 _avolume
_bnc
_2rdacarrier
650 4 _aEnglih Language-Grammer-Report Writng
_96397
999 _aE3316
_c3312
_d3312